书目信息 |
| 题名: |
微机故障诊断与排除
|
|
| 作者: | 吴更生 | |
| 分册: | ||
| 出版信息: | 四川计算机软件资料社 |
|
| 页数: | 565页 | |
| 开本: | 16开 | |
| 丛书名: | ||
| 单 册: | ||
| 中图分类: | TP307 | |
| 科图分类: | ||
| 主题词: | 计算技术 , 电子计算机 | |
| 电子资源: | ||
| ISBN: | ||
| 000 | 00535nam0 2200193 45 | |
| 001 | 9911301546 | |
| 005 | 19991130154201.7 | |
| 010 | @d39.00 | |
| 100 | @a19991130d km y0chiy0120 ea | |
| 101 | @achi | |
| 105 | @a z 000yy | |
| 200 | 1 | @a微机故障诊断与排除@AWei Ji Gu Zhang Zhen Duan Yu Pai Chu@f吴更生@FWu Geng Sheng |
| 210 | @c四川计算机软件资料社 | |
| 215 | @a565页@c无图表@d16开 | |
| 606 | 0 | @a计算技术 |
| 606 | 0 | @a电子计算机 |
| 690 | @aTP307@v3 | |
| 801 | @aCN@bPerfectUser@c19991130 | |
| 905 | @aBZT@b46349-350@f2@dTP307@e1 | |
| 微机故障诊断与排除/吴更生.-四川计算机软件资料社 |
| 565页:无图表;16开 |
| ISBN :39.00 |
| ● |
| 相关链接 |
|
|
|
正题名:微机故障诊断与排除
索取号:TP307/1
 
预约/预借
| 序号 | 登录号 | 条形码 | 馆藏地/架位号 | 状态 | 备注 |
| 1 | 46349 | 200372541 | 中心书库中库/ 中库028架B面8列5层1/ [索取号:TP307/1] | 在馆 | |
| 2 | 46350 | 200372532 | 中心书库中库/ 中库028架B面8列5层8/ [索取号:TP307/1] | 在馆 |